|
|
|
|
| LEADER |
00000 a2200000 4500 |
| 005 |
20130315143618.0 |
| 007 |
cr|||| |||| |
| 008 |
130315c20009999dk u|p s|||| 0|||b1spa d |
| 022 |
|
|
|a 16000110
|
| 035 |
|
|
|a 7182
|
| 040 |
|
|
|a vLex
|
| 090 |
|
|
|c 3939
|d 3939
|
| 245 |
0 |
0 |
|a Dil̀ogos Latinoamericanos
|h [Recurso electrn̤ico]
|
| 256 |
|
|
|a Servicio en ln̕ea
|
| 260 |
|
|
|a Aarhus :
|b University of Aarhus,
|c 2000-
|
| 300 |
|
|
|a 1 Recurso electrn̤ico
|
| 506 |
|
|
|d vLex Global
|d vLex Global (Academic Edition, excluding Law Schools)
|d vLex Global (U.S. Academic Edition, Law Schools)
|d vLex Global (U.S. Academic Edition, excluding Law Schools)
|d vLex Global (Academic Edition, Law Schools)
|
| 650 |
0 |
4 |
|a Literatura espaǫla
|v Revistas
|
| 650 |
0 |
4 |
|a Literatura portuguesa
|v Revista
|
| 650 |
0 |
4 |
|a Amřica Latina
|v Revistas
|
| 650 |
0 |
4 |
|a Filologa̕ hispǹica
|v Revistas
|
| 740 |
|
|
|a vLex Revistas (Servicio en ln̕ea)
|
| 856 |
|
|
|a Acceso restringido
|u http://www.vlex.com/source/7182
|
| 942 |
|
|
|c REV
|
| 999 |
|
0 |
|a Spanish philology
|